| 000 | 00000nam##2200000za#4500 |
| 001 | 9.699952 |
| 003 | CaOODSP |
| 005 | 20210625000620 |
| 007 | cr ||||||||||| |
| 008 | 150407|1908||||xxc|||||o f|0| 0 eng|d |
| 040 | |aCaOODSP|beng |
| 043 | |an-cn--- |
| 086 | 1 |aCP32-133/1908E-PDF |
| 110 | 1 |aCanada. |bPrivy Council Office. |
| 245 | 10|aReport and recommendations (with appendices) of the Dominion Fisheries Commission Appointed to Enquire into the Fisheries of Georgian Bay and Adjacent Waters / |h[electronic resource]|cJohn Birnie (secretary), James J. Noble, and Edward E. Prince (chairman), commissioners. |
| 246 | 1 |aGeorgian Bay Fisheries Commission - report of the Commission |
| 260 | |aOttawa - Ontario : |bPrivy Council Office |c1908. |
| 300 | |a60p.|bmap, tables, index |
| 500 | |aAt head of title : Georgian Bay Fisheries Commission 1905-1908. Historical publication digitized in 2010 by Privy Council Office of Canada. |
| 590 | |a15-04-Supp|b2015-03-19 |
| 690 | 07|aCommissions of inquiry|2gcpds |
| 690 | 07|aFisheries|2gcpds |
| 856 | 40|ahttp://publications.gc.ca|qPDF|s5.16 MB|uhttps://publications.gc.ca/collections/collection_2014/bcp-pco/CP32-133-1908-eng.pdf |